00427nam a2200169 a 450000100060000000300090000600800410001502000150005604000280007108200180009910000190011724500180013626000310015430000110018549000280019665000330022416229CO-ViMGA141112s2004 ck r 000 u spa d a9580441472 aCO-ViMGAbspacCO-ViMGA04a843.914 P377p1 aPennac, Daniel10aPerro perrito aBogotá : bNorma, c1998 a244.p. aTorre de papel amarilla14aCUENTOS INFANTILES FRANCESES